=LDR 00000nam 2200000 4500 =001 INLIS000000000034483 =005 20130612140404 =008 ***********************************ind** =035 ##$$0010-061300000034483 =041 ##$$a ind =082 ##$$a 550.3 =090 ##$$a R.550.3, Dha e =100 ##$$a Dharma, Mutia =245 ##$$a Ensiklopedia bergambar sejarah bumi/ Penerjemah, Mutia Dharma; Editor, Agus Safian =260 ##$$a 2008 $b Bandung =300 ##$$a 80 hlm., Ilus., 25 cm =650 ##$$a Sejarah Bumi - Ensiklopedi =700 ##$$a Dharma, Mutia =850 ##$$a NBPNMAT